000 00669nam a22002057a 4500
003 OSt
005 20251117141154.0
008 250703b |||||||| |||| 00| 0 eng d
020 _a9786214160556
040 _aDWCL - Main lib
_cOC
082 _aFil. 657.042 V173p 2018
100 _aValix, Conrado T.
245 _a Practical financial accounting, volume two/
_cConrado T. Valix
250 _a2018 revised edition.
260 _aManila :
_bGIC Enterprises and Co.,
_c c2018
300 _a667 pages ;
_c22 cm.
650 _a1. Accounting--Problems, exercises, etc.
700 _aChristian Aris M. Valix
942 _2ddc
_cBK - FIL
_e2018 revised edition.
_kFil.
_n0
999 _c3374
_d3374